Şair Nefʼi neden ve nasıl öldürüldü. (Record no. 44957)

MARC details
000 -LEADER
fixed length control field 00540cam a22002051 4500
001 - CONTROL NUMBER
control field ne 61000195
003 - CONTROL NUMBER IDENTIFIER
control field DLC
005 - DATE AND TIME OF LATEST TRANSACTION
control field 20260227111733.0
008 - FIXED-LENGTH DATA ELEMENTS--GENERAL INFORMATION
fixed length control field 900823s1948 tu 000 0 tur
010 ## - LIBRARY OF CONGRESS CONTROL NUMBER
LC control number ne 61000195
035 ## - SYSTEM CONTROL NUMBER
System control number (OCoLC)22259312
040 ## - CATALOGING SOURCE
Original cataloging agency DLC
Transcribing agency CLU
Modifying agency DLC
042 ## - AUTHENTICATION CODE
Authentication code premarc
050 00 - LIBRARY OF CONGRESS CALL NUMBER
Classification number PL248.N425
Item number Z75
100 1# - MAIN ENTRY--PERSONAL NAME
Personal name Külçe, Süleyman.
245 00 - TITLE STATEMENT
Title Şair Nefʼi neden ve nasıl öldürüldü.
260 ## - PUBLICATION, DISTRIBUTION, ETC.
Place of publication, distribution, etc. İzmir,
Name of publisher, distributor, etc. Nefaset Matbaası,
Date of publication, distribution, etc. 1948.
300 ## - PHYSICAL DESCRIPTION
Extent 45 p.
Dimensions 24 cm.
600 00 - SUBJECT ADDED ENTRY--PERSONAL NAME
Personal name Nef'ı̂,
Dates associated with a name 1572-1635.

No items available.

Powered by Koha